Comparative mapping in F2:3 and F6:7 generations of quantitative trait loci for grain yield and yield components in maize (Record no. 55940)

MARC details
000 -LEADER
fixed length control field 00470nam a2200157Ia 4500
100 ## - MAIN ENTRY--AUTHOR NAME
Personal name Austin D F
245 #0 - TITLE STATEMENT
Title Comparative mapping in F2:3 and F6:7 generations of quantitative trait loci for grain yield and yield components in maize
260 ## - PUBLICATION, DISTRIBUTION, ETC. (IMPRINT)
Name of publisher Theoretical and Applied Genetics
Year of publication 1996
300 ## - PHYSICAL DESCRIPTION
Number of Pages 817-826
650 ## - SUBJECT ADDED ENTRY--TOPICAL TERM
Topical Term Genetics
650 ## - SUBJECT ADDED ENTRY--TOPICAL TERM
Topical Term Plant breeding
650 ## - SUBJECT ADDED ENTRY--TOPICAL TERM
Topical Term RFLP
700 ## - ADDED ENTRY--PERSONAL NAME
Personal name Lee M
942 ## - ADDED ENTRY ELEMENTS (KOHA)
Koha item type Journals
Holdings
Withdrawn status Lost status Damaged status Not for loan Home library Current library Shelving location Date acquired Serial Enumeration / chronology Koha item type
      Journals RRII Library RRII Library RFLP 17/12/2021 Volume 92, Issue 7 Journals